[Event "Prestwick Airport Major"]
[Site "Prestwick"]
[Date "2011.05.15"]
[Round "4"]
[White "Mulholland, Arthur L"]
[Black "Govan, Blair"]
[Result "1-0"]
[WhiteElo "1687"]
[BlackElo "1353"]
[PlyCount "69"]
[EventDate "2011.05.13"]
[EventType "swiss"]
[EventRounds "5"]
[EventCountry "SCO"]
[SourceTitle "EXT 2023"]
[Source "ChessBase"]
[SourceDate "2022.10.05"]
[SourceVersion "1"]
[SourceVersionDate "2022.10.05"]
[SourceQuality "1"]

1. d4 Nf6 2. Nf3 d5 3. e3 Bg4 4. Nbd2 Nbd7 5. c4 e6 6. Qc2 c6 7. h3 Bf5 8. Bd3 Bxd3 9. Qxd3 Bd6 10. 0-0 0-0 11. Re1 Qc7 12. e4 dxe4 13. Nxe4 Nxe4 14. Rxe4 Nf6 15. Re2 Rad8 16. Qc3 Rd7 17. Bg5 Rfd8 18. Rae1 Bf4 19. Bxf4 Qxf4 20. Qa5 Qb8 21. Re5 h6 22. b4 Ne8 23. b5 b6 24. Qb4 cxb5 25. Qxb5 Nd6 26. Qb3 Nf5 27. d5 f6 28. Rxe6 Nd6 29. Nd4 Qc8 30. Nc6 Re8 31. Nxa7 Rxa7 32. Qxb6 Ree7 33. Rxe7 Rxe7 34. Rxe7 Nxc4 35. Qe6+ 1-0